Some aspects of building subsidence: Dutton v Bognor Regis and after (Record no. 9604)
[ view plain ]
| 000 -LEADER | |
|---|---|
| fixed length control field | 01149cab a2200241 4500 |
| 001 - CONTROL NUMBER | |
| control field | ABS39155 |
| 008 - FIXED-LENGTH DATA ELEMENTS--GENERAL INFORMATION | |
| fixed length control field | 090401t1988 xxu||||| |||| 00| 0 eng d |
| 035 ## - SYSTEM CONTROL NUMBER | |
| System control number | (Sirsi) u14720 |
| 041 ## - LANGUAGE CODE | |
| Language code of text/sound track or separate title | eng |
| 100 ## - MAIN ENTRY--PERSONAL NAME | |
| Personal name | Phillipson, H. |
| 245 ## - TITLE STATEMENT | |
| Title | Some aspects of building subsidence: Dutton v Bognor Regis and after |
| 260 ## - PUBLICATION, DISTRIBUTION, ETC. | |
| Date of publication, distribution, etc. | 1988 |
| 350 ## - PRICE (NR) (BK AM CF MU VM SE) [OBSOLETE] | |
| Price | 0 |
| 490 ## - SERIES STATEMENT | |
| Series statement | Chartered Insurance Institute Journal |
| Volume/sequential designation | 12(2) April 1988, 94-98(5) |
| 520 ## - SUMMARY, ETC. | |
| Summary, etc. | Discusses problems caused by subsidence in buildings and the legal cases which have resulted. Begins with "Dutton v Bognor Regis DC", which was the first time the courts gave judgement for the plaintiff, who alleged negligence on the part of the local authority, and looks at important cases which have arisen since in particular "Pirelli", "Anns" and "Peabody" which led to the Law Reform Committee making recommendations on latent damage. |
| 650 ## - SUBJECT ADDED ENTRY--TOPICAL TERM | |
| Topical term or geographic name entry element | ANNS AND OTHERS V MERTON LBC |
| 650 ## - SUBJECT ADDED ENTRY--TOPICAL TERM | |
| Topical term or geographic name entry element | LATENT DAMAGE ACT 1986 |
| 650 ## - SUBJECT ADDED ENTRY--TOPICAL TERM | |
| Topical term or geographic name entry element | PEABODY FOUNDATION V SIR LINDSAY PARKINSON |
| 650 ## - SUBJECT ADDED ENTRY--TOPICAL TERM | |
| Topical term or geographic name entry element | PIRELLI V OSCAR FABER |
| 690 ## - LOCAL SUBJECT ADDED ENTRY--TOPICAL TERM (OCLC, RLIN) | |
| Topical term or geographic name as entry element | BUILDING AND CONSTRUCTION-CASE LAW |
| 942 ## - ADDED ENTRY ELEMENTS (KOHA) | |
| Suppress in OPAC | 0 |
| 948 ## - LOCAL PROCESSING INFORMATION (OCLC); SERIES PART DESIGNATOR (RLIN) | |
| c (OCLC) | 04/03/1997 |
| Withdrawn status | Lost status | Source of classification or shelving scheme | Damaged status | Not for loan | Home library | Current library | Shelving location | Date acquired | Total Checkouts | Full call number | Barcode | Date last seen | Copy number | Price effective from | Koha item type |
|---|---|---|---|---|---|---|---|---|---|---|---|---|---|---|---|
| Dewey Decimal Classification | London | London | Journal article | 14/09/1999 | ABS39155 | 14720-1001 | 06/08/2019 | 1 | 06/08/2019 | Journal article |